000 00297nam a22001217a 4500
020 _a978-81-953219-6-4
082 _a920/KUM
100 _aKumar,Dr Ravinder
_983903
245 _aBuilders of modern india K.B. Hedgewar
260 _aDelhi
_bKeshav books
_c2021
650 _aBiography
942 _cBK
999 _c68910
_d68910